La Malaisie pour les touristes... - Facile - Statistiques

Statistiques générales
  • Ce quiz a été pris 15 fois
  • Le résultat moyen est 11 sur 20
Statistiques - réponses
Question Indice Réponses Indice facile % Correct
Code sur les plaques minéralogiques MAL
100%
Quelle est la langue officielle ? Malais
100%
Achats à faire 4/ Sculptures en Bois SIOB
93%
Le principal aéroport est K L Kuala Lumpur
86%
Comment se nomme la principale compagnie aérienne locale A A Air Asia RAAISIA
79%
Quel est le climat local ? E Equatorial
79%
La religion majoritaire est Islam I
79%
Quelles sont les principaux lieux touristiques ? M Ville de {Malacca} ACCLAMA
79%
Achats à faire 1/ Chocolat au Durian DURAIN
71%
Combien d'heures (environ) mettrez-vous pour vous y rendre ? (en chiffres) 14
64%
Dans la capitale quel est le décalage horaire avec Paris ? (+ ou - et chiffre) ex - 10 ou + 3,5 + 6
64%
Quelles sont les principaux lieux touristiques ? P Ile de {Penang} ANENGP
50%
Quel est le régime du pays ? M C Monarchie constitutionnelle
50%
Achats à faire 2/ Potion appelée Gamat TAMGA
36%
Quelle est la monnaie ? Ringgit R
36%
Quelles sont les principaux lieux touristiques ? S Villages du {Sarawak} ARAWAKS
29%
Le suffixe internet est my
21%
Quelles sont les principaux lieux touristiques ? G M Parc national du {Gunung Mulu} UNGUULUNGM
7%
Achats à faire 3/ Pantoufles Kasut Manik MAUKATNSKI
0%
Quelles sont les principaux lieux touristiques ? C H Montagnes de {Cameron Highlands} MIGREANONCSLADHH
0%
Aucun quiz correspondant
Distribution des résultats
% des personnes avec chaque résultat
Percentile par nombre de réponses
Votre historique - résultats
Vous n’avez pas pris ce quiz